| 000 | 00381 a2200133 4500 | ||
|---|---|---|---|
| 001 | 154481 | ||
| 040 | _cEscola São Tomás de Aquino | ||
| 100 | _aMURRAY, Roseana | ||
| 240 | 1 | 0 |
_aAbecedário poético de frutas _lpor |
| 245 | 1 | 0 | _aAbecedário poético de frutas |
| 362 | 0 | _a2013 | |
| 697 | _aSistemas de escrita (alfabeto, Braille, abreviaturas, pontuação, etc.) | ||
| 942 | _cBK | ||
| 999 |
_c154481 _d154481 |
||